00524nam a2200205 a 4500001001300000003000900013005001700022008004100039020001000080082001300090100002300103245003500126260003900161300000800200500003500208505001000243650002300253650001900276700002300295nice12345678IN_TiNIC20260116015142.0050524s1977 kana grp 000 0 eng  ac10000a241bYOD aYoder, John Howard aChristian Witness to the State aKansasbFaith and Life Pressc1977 a90p aincludes index and biblioraphy2 aIndex aTheology-Political aTheology-Moral1 aYoder, John Howard